Movies Quiz

Random Movies or Actor Quiz

Reservoir Dogs Actors Quiz Stats

 Plays Quiz Updated Mar 6, 2020

     
Support Sporcle.
Go Orange.
Score 0/8 Timer 03:00
0 Plays Today
Character Actor % Correct
Mr. PinkSteve Buscemi
85.9%
Mr. WhiteHarvey Keitel
84.2%
Mr. BrownQuentin Tarantino
82.7%
Mr. OrangeTim Roth
77.5%
Mr. BlondeMichael Madsen
77.1%
''Nice Guy'' Eddie CabotChris Penn
58.8%
Joe CabotLawrence Tierney
21.8%
Mr. BlueEdward Bunker
17.5%

From the Vault

What Came First? Live Action Movie or Animated Series

by ddd62291

Have you heard the podcast about the TV series based on the movie that was adapted from that book?
Remove Ads.
Support Sporcle.
Get the best of Sporcle when you Go Orange. This ad-free experience offers more features, more stats, and more fun while also helping to support Sporcle. Thank you for becoming a member.

Show Comments

Extras

Top Quizzes Today


Score Distribution

Your Account Isn't Verified!

In order to create a playlist on Sporcle, you need to verify the email address you used during registration. Go to your Sporcle Settings to finish the process.

Report this User

Report this user for behavior that violates our Community Guidelines.

Details: